The house of Rosmer ; a new English version in three acts /

Bibliographic Details
Main Author: Ibsen, Henrik, 1828-1906
Other Authors: Burton, Brian J.
Format: Book
Language:English
Norwegian
Published: Birmingham [England] : C. Cambridge, [1959]

MARC

Tag First Indicator Second Indicator Subfields
LEADER 00000cam a2200000 4500
001 in00000021657
005 20151007063701.0
008 761124s1959 enka 00000 eng
010 |a  60001367  
035 |a (OCoLC)02579243 
035 |9 AAD7989AM 
040 |a DLC  |c OHI  |d TXA  |d UtOrBLW 
041 1 |a eng  |a nor 
049 |a TXAM  |c [324078] 
050 0 0 |a PT8877  |b .A42 
082 0 |a 839.8226 
092 |a 839.8226  |b I14ho 
100 1 |a Ibsen, Henrik,  |d 1828-1906. 
240 1 0 |a Rosmersholm.  |l English 
245 1 4 |a The house of Rosmer ;  |b a new English version in three acts /  |c by Brian J. Burton, of Rosmersholm. 
264 1 |a Birmingham [England] :  |b C. Cambridge,  |c [1959] 
300 |a 77 pages :  |b illustrations ;  |c 22 cm. 
336 |a text  |b txt  |2 rdacontent 
337 |a unmediated  |b n  |2 rdamedia 
338 |a volume  |b nc  |2 rdacarrier 
700 1 |a Burton, Brian J. 
999 |a MARS 
999 f f |s bc3fc0e3-dfd6-3d42-9bf4-9d3402ed7e18  |i f2fa47c3-822c-3832-bd12-7b1c15ad61ac  |t 0 
952 f f |p normal  |a Texas A&M University  |b College Station  |c Sterling C. Evans Library  |d Evans: Library Stacks  |t 0  |e PT8877 .A42  |h Library of Congress classification  |i unmediated -- volume  |m A14801361252 
998 f f |a PT8877 .A42  |t 0  |l Evans: Library Stacks